<?xml version='1.0' encoding='UTF-8'?>
  <record xmlns="http://www.loc.gov/MARC21/slim">
    <leader>00000cam a2200000Mi 4500</leader>
    <controlfield tag="001">ocm67947421</controlfield>
    <controlfield tag="003">OCoLC</controlfield>
    <controlfield tag="005">20251028011914.3</controlfield>
    <controlfield tag="008">990212s1531    fr            000 0 lat d</controlfield>
    <datafield tag="040" ind1=" " ind2=" ">
      <subfield code="a">NLGGC</subfield>
      <subfield code="b">dut</subfield>
      <subfield code="e">fobidrtb</subfield>
      <subfield code="c">NLGGC</subfield>
      <subfield code="d">BEATB</subfield>
      <subfield code="d">QGJ</subfield>
      <subfield code="d">OCLCL</subfield>
      <subfield code="d">OCLCQ</subfield>
      <subfield code="d">OCLCA</subfield>
    </datafield>
    <datafield tag="029" ind1="0" ind2=" ">
      <subfield code="a">NLGGC</subfield>
      <subfield code="b">180477560</subfield>
    </datafield>
    <datafield tag="035" ind1=" " ind2=" ">
      <subfield code="a">(OCoLC)67947421</subfield>
    </datafield>
    <datafield tag="100" ind1="1" ind2=" ">
      <subfield code="a">Hegendorphinus, Christophorus,</subfield>
      <subfield code="d">1500-1540</subfield>
      <subfield code="1">https://id.oclc.org/worldcat/entity/E39PBJh8RHhJykhYCj83xMV9jC</subfield>
    </datafield>
    <datafield tag="245" ind1="1" ind2="0">
      <subfield code="a">Methodvs conscribendi epistolas /</subfield>
      <subfield code="c">per Christophorum Hegendorphinum. Eivsdem Dragmata locorum tum rhetoricorŭ, tum dialecticorŭ, cum exemplis ex optimis quibusq; autoribus. Eiusdem exempla status coniecturalis, finitiui, qualitatis.</subfield>
    </datafield>
    <datafield tag="246" ind1="3" ind2=" ">
      <subfield code="a">Methodus conscribendi epistolas</subfield>
    </datafield>
    <datafield tag="260" ind1=" " ind2=" ">
      <subfield code="a">Parisiis :</subfield>
      <subfield code="b">excudebat Christianus Wechelus,</subfield>
      <subfield code="c">M.D.XXXI. [1531]</subfield>
    </datafield>
    <datafield tag="300" ind1=" " ind2=" ">
      <subfield code="a">47 p. ;</subfield>
      <subfield code="c">in-8.</subfield>
    </datafield>
    <datafield tag="336" ind1=" " ind2=" ">
      <subfield code="a">tekst</subfield>
      <subfield code="b">txt</subfield>
      <subfield code="2">rdacontent/dut</subfield>
    </datafield>
    <datafield tag="337" ind1=" " ind2=" ">
      <subfield code="a">zonder medium</subfield>
      <subfield code="b">n</subfield>
      <subfield code="2">rdamedia/dut</subfield>
    </datafield>
    <datafield tag="338" ind1=" " ind2=" ">
      <subfield code="a">band</subfield>
      <subfield code="b">nc</subfield>
      <subfield code="2">rdacarrier/dut</subfield>
    </datafield>
    <datafield tag="500" ind1=" " ind2=" ">
      <subfield code="a">A-C 8 (-C8, blanco?).</subfield>
    </datafield>
    <datafield tag="650" ind1=" " ind2="0">
      <subfield code="a">Latin language</subfield>
      <subfield code="x">Composition and exercises.</subfield>
    </datafield>
    <datafield tag="650" ind1=" " ind2="4">
      <subfield code="a">Neo-Latin literature</subfield>
      <subfield code="0">(BE-AnANE)a::871.6:1</subfield>
    </datafield>
    <datafield tag="650" ind1=" " ind2="7">
      <subfield code="a">Latin language</subfield>
      <subfield code="x">Composition and exercises.</subfield>
      <subfield code="2">fast</subfield>
      <subfield code="0">(OCoLC)fst01751519</subfield>
    </datafield>
    <datafield tag="655" ind1=" " ind2="4">
      <subfield code="a">Non-fiction</subfield>
      <subfield code="0">(BE-AnANE)a::pt.48:1</subfield>
    </datafield>
    <datafield tag="700" ind1="1" ind2=" ">
      <subfield code="a">Hegendorphinus, Christophorus</subfield>
      <subfield code="q">(Christoph),</subfield>
      <subfield code="d">1500-1540.</subfield>
      <subfield code="t">Dragmata locorum tum rhetoricorum, tum dialecticorum</subfield>
    </datafield>
    <datafield tag="700" ind1="1" ind2=" ">
      <subfield code="a">Hegendorphinus, Christophorus</subfield>
      <subfield code="q">(Christoph),</subfield>
      <subfield code="d">1500-1540.</subfield>
      <subfield code="t">Exempla status coniecturalis, finitiui, qualitatis</subfield>
    </datafield>
    <datafield tag="710" ind1="0" ind2=" ">
      <subfield code="a">Wechel, Christian (Parijs)</subfield>
      <subfield code="4">prt</subfield>
      <subfield code="0">(NL-LeOCL)077149971</subfield>
    </datafield>
  </record>